Sports Quiz

Random Sports or MLB Quiz

1980s MLB Playoff Teams Quiz Stats

 Plays Quiz not verified by Sporcle

Challenge
Share
Tweet
Embed
Score 0/44 Timer 07:00
0 Plays Today
Year Team % Correct
1980New York Yankees
96.5%
1980Philadelphia Phillies
91.7%
1981New York Yankees
89.8%
1980Kansas City Royals
87.4%
1986Boston Red Sox
84.9%
1986New York Mets
84.3%
1981Los Angeles Dodgers
83.2%
1983Baltimore Orioles
83.1%
1984Detroit Tigers
83%
1985Kansas City Royals
82.6%
1985St. Louis Cardinals
82.3%
1986California Angels
81.9%
1988Los Angeles Dodgers
81.6%
1982St. Louis Cardinals
81.3%
1987Minnesota Twins
81.3%
1988Oakland Athletics
81.2%
1989Oakland Athletics
80.5%
1982Milwaukee Brewers
80.1%
1984San Diego Padres
79.2%
1989San Francisco Giants
78.6%
1983Philadelphia Phillies
78.5%
1987St. Louis Cardinals
78.3%
Year Team % Correct
1983Los Angeles Dodgers
77.9%
1980Houston Astros
77.8%
1986Houston Astros
77.7%
1981Philadelphia Phillies
77.7%
1985Los Angeles Dodgers
77.5%
1988New York Mets
75.5%
1988Boston Red Sox
75.4%
1984Chicago Cubs
75.1%
1982California Angels
74.9%
1987San Francisco Giants
74%
1987Detroit Tigers
73.6%
1981Montreal Expos
73.1%
1989Toronto Blue Jays
72.6%
1981Kansas City Royals
72.2%
1985Toronto Blue Jays
71.9%
1984Kansas City Royals
71.7%
1981Milwaukee Brewers
71.5%
1981Oakland Athletics
71.3%
1981Houston Astros
71.1%
1983Chicago White Sox
68.2%
1989Chicago Cubs
67.5%
1982Atlanta Braves
66.3%

You're not logged in!

Compare scores with friends on all Sporcle quizzes.
Join for Free
OR
Log In

You Might Also Like...

Show Comments

Extras

Top Quizzes Today


Score Distribution

Your Account Isn't Verified!

In order to create a playlist on Sporcle, you need to verify the email address you used during registration. Go to your Sporcle Settings to finish the process.

Report this User

Report this user for behavior that violates our Community Guidelines.

Details: